000 00681nam a22001937a 4500
999 _c8624
_d8624
003 AR-CdUCM
008 190325b ||||| |||| 00| 0 spa d
040 _aMUNICIPALIDAD PROVINCIAL DEL CUSCO
_cBIBLIOTECA MUNICIPAL DEL CUSCO
082 _a301 /
_bT49
100 _aThuillier, Guy
_924126
245 _aLa Promoción Social /
260 _aBarcelona :
_bOikos-tan, S. A. ;
_c1970.
300 _a126 páginas ;
_c18cm
440 _aColección ¿Qué sé?
_n2
_924127
505 _aContenido: Fundamentos de la promoción social -- Balance de la promoción social -- El futuro de la promoción social
650 _aPromoción Social
_924128
942 _2ddc
_cLIBROS
945 _anom